| 000 | 00391nam a2200133Ia 4500 | ||
|---|---|---|---|
| 008 | 231017s9999 xx 000 0 und d | ||
| 082 | _a625.85 | ||
| 082 | _bQUI | ||
| 245 | 0 | _aBack-Calculation of Layer Parameters for LTPP Test Sections Vol II: Layered Elastic Analysis for Flexible and Rigid Pavements - Oct 2002 | |
| 245 | 0 | _cNCHRP | |
| 260 | _bNCHRP | ||
| 300 | _c30cm | ||
| 942 | _cREP | ||
| 999 |
_c604817 _d604817 |
||